Statistics for SSundee and friends (hard)

Click here to take the quiz!

General Stats

  • This quiz has been taken 35 times
  • The average score is 5 of 15

Answer Stats

HintAnswer% Correct
Pink and starts with a 55up
68%
Yellow and starts with a GGold
52%
Rose and starts with a SSiimii
52%
Green and starts with a WWicked
52%
Blue and starts with a DDill
48%
Brown and starts with a MMas
48%
Orange and starts with a AAutumn
29%
Grey and starts with a FFawks
26%
Red and starts with a OOMGChad
26%
Red and starts with a RRage
26%
Pink and start with a CCake
23%
Purple and starts with a KKing
19%
Red and starts with a LLawler
16%
Orange and starts with a SStryker
16%
Brown and starts with a SShadyx
3%

Score Distribution

Percentile by Number Answered

Percent of People with Each Score

Your Score History

You have not taken this quiz